| 000 | 00365cam a2200169 4500 | ||
|---|---|---|---|
| 001 | D12409 | ||
| 008 | 090401t1880 xxu||||| |||| 00| 0 eng d | ||
| 035 | _a(Sirsi) u3300 | ||
| 041 | _aeng | ||
| 100 | _aClarke, A.R. | ||
| 245 | _aGeodesy | ||
| 260 |
_aOxford _bClarendon Press _c1880 |
||
| 350 | _a0 | ||
| 520 | _aShelf 177 | ||
| 942 | _n0 | ||
| 948 | _c04/03/1997 | ||
| 999 |
_c85867 _d85867 |
||